000 00698nam a2200241Ia 4500
003 OSt
005 20220923223525.0
006 a|||||r|||| 00| 0
007 ta
008 Pun
024 _a218,600
037 _cTextual
040 _aARTS
_cARTS
_bPun
041 _2Pun
_aPun
082 _aO153,1NHAR:g, N4
100 _aਹਰਿਭਜਨ ਸਿੰਘ
245 0 _aਚੈਲਾ ਟਾਕੀਆਂ ਵਾਲਾ
260 _aਦਿੱਲੀ
_b ਨਵਯੁਗ ਪਬਲੀFਰਗ਼
_c1994
300 _a247ਪੰ
_ccm.
650 _aਪੰਜਾਬੀ ਸਾਹਿਤ
942 _hO153,1NHAR:g, N4
_cTEXL
_2CC
999 _c365962
_d365962